Plan piloto para alcanzar el aprovechamiento sustentable del loro hablador (Amazona aestiva) en Argentina (Registro nro. 328)

Detalles MARC
000 -CABECERA
Campo de control 00666nam a2200217 a 4500
005 - FECHA Y HORA DE LA ULTIMA TRANSACCION
Campo de control 20151123101400.0
008 - ELEMENTOS DE LONGITUD FIJA—INFORMACION GENERAL
Campo de control 140220b1992 ck ||||| |||| 00| 0 spa d
040 ## - FUENTE DE CATALOGACIÓN
Agencia catalogadora original CO-BoIAVH
Agencia transcriptora CO-BoIAVH
041 ## - IDIOMA
Código de idioma para texto/pista de sonido o título separado Español
044 ## - PAÍS DE PUBLICACIÓN
País de publicación Colombia
090 ## - CLASIFICACIÓN LOCAL
Colección LB
Consecutivo 00308
100 ## - ASIENTO PRINCIPAL--NOMBRE PERSONAL
Nombre personal Banchs, Ricardo A.
245 ## - MENCION DE TITULO
Título Plan piloto para alcanzar el aprovechamiento sustentable del loro hablador (Amazona aestiva) en Argentina
260 ## - PUBLICACION, DISTRIBUCION, ETC. (PIE DE IMPRENTA)
Lugar de publicación, distribución, etc. Buenos Aires
Nombre del editor, distribuidor, etc. CITES
-- SFFS ARG
-- FVSA
Fecha de publicación, distribución, etc. 1992?
300 ## - DESCRIPCION FISICA
Extensión 35 p.
650 ## - ASIENTO SECUNDARIO DE MATERIA - TERMINO TEMATICO
Término temático o nombre geográfico como elemento de entrada Explotación sostenible
650 ## - ASIENTO SECUNDARIO DE MATERIA - TERMINO TEMATICO
Término temático o nombre geográfico como elemento de entrada Aves
650 ## - ASIENTO SECUNDARIO DE MATERIA - TERMINO TEMATICO
Término temático o nombre geográfico como elemento de entrada Comercio de especies
700 ## - ASIENTO SECUNDARIO - NOMBRE PERSONAL
Nombre personal Moschione, Flavio N.
942 ## - ELEMENTOS ADICIONALES (KOHA)
Tipo de ítem Informe Técnico
Sistema de clasificación Local
Existencias
Withdrawn status Lost status Sistema de Clasificación Damaged status No para préstamo Colección Inventariado Ubicación Permanente Ubicación actual Fecha de adquisición Fuente de Valor Total Checkouts Número topográfico Inventario / Código de Barras Date last seen Ejemplar Price effective from Forma de adquisición Tipo de material
    Local     General Inventariado 2017 Bogotá Bogotá 29/12/1997 Franco, Ana María   LB-00308 000457 04/12/2012 Ej. 1 04/12/2012   Informe Técnico